| 000 | 00457nam a2200193Ia 4500 | ||
|---|---|---|---|
| 005 | 20240823051632.0 | ||
| 008 | 240823s9999||||xx |||||||||||||| ||und|| | ||
| 020 | _a0-460-00014-4 | ||
| 041 | _aENGLISH | ||
| 082 | _A824.7 L2 | ||
| 100 | _aGeoffrey Tillotson | ||
| 245 | 0 | _aEssays of Elia Last Essays of Elia | |
| 250 | _a1st | ||
| 260 |
_c1972 _bEverymans Li |
||
| 500 | _aTRANSFERED | ||
| 650 |
_aEssays _bGeneral |
||
| 942 | _cBK | ||
| 999 |
_c220033 _d220033 |
||